00862nam a22002057a 450000500170000001000150001702000270003203500140005903700090007308200140008210000330009624501310012925000060026026000300026627001260029630000270042294200280044999900190047795201600049620251006160130.0 aENG-146954 a9788197759093c4495.00 aEN-130486 bDBAD a340.0326 aAiyar's, P Ramanatha 985375 aThe Law Lexicon:bThe Encyclopaedic Law Dictionary with lLgal Maxims, Latin Terms and Words & Phrases/cby P Ramanatha Aiyar's a6 aHaryanabLexisNexisc2025 a14th Floor, Building No. 10, Tower-B, DLF Cyber City, Phase-II, GurgaonbHaryanae122002k+91-124-4774444l+91-1244774100 axlii, 2144pc24cm.(Hb) 2ddccENh340.03mAIYe6 c213573d213573 001040718REFaDBADbDBADd2025-10-06eDelivery of Books Act Divisiong4495.00l0o340.03 AIYpEN-130486r2025-10-06 00:00:00t1v4495.00w2025-10-06yEN